00631 2200193 4500001002100000005001500021035002000036245010900056100001800165250002000183300005000203856002200253700005700275260003700332082001200369084001800381020002200399600001600421INLIS00000000114819820260406075455 a0010-04260000431 aPanduan Berbulan Madu /cPenulis; Dr:Aiman Husaini, Editor; Qoni, Desain Cover; Aulia [r], Layout; Lendo0 aAiman Husaini aCetakan Pertama axviii, 198 halaman :b- ;c13 x 19 cmeKertas aPerpustakaan Umum0 aEditor; Qoni, Desain Cover; Aulia [r], Layout; Lendo aYogyakarta :bQudsi Media,c2022 a297.429 a297.429 AIM p a978-979-1149-06-2 4aAgama Islam